[Event "SVK-ch U10"]
[Site "Liptovsky Mikulas"]
[Date "2019.04.30"]
[Round "9"]
[White "Kluska, Lukas"]
[Black "Fronko, Ondrej"]
[Result "0-1"]
[WhiteElo "1000"]
[BlackElo "1000"]
[PlyCount "62"]
[EventDate "2019.04.23"]
[EventType "swiss"]
[EventRounds "9"]
[EventCountry "SVK"]
[SourceTitle "CBM 190 Extra"]
[Source "ChessBase"]
[SourceDate "2019.07.15"]
[SourceVersion "1"]
[SourceVersionDate "2019.07.15"]
[SourceQuality "1"]

1. e4 e5 2. d4 exd4 3. Qxd4 Nc6 4. Qd5 Nf6 5. Qb5 a6 6. Qg5 h6 7. Qf4 Bd6 8. Qh4 Nd5 9. exd5 Qxh4 10. dxc6 dxc6 11. Nf3 Qe4+ 12. Be2 Qxc2 13. Na3 Bb4+ 14. Nd2 Bxd2+ 15. Bxd2 Qxb2 16. Rc1 Qxa3 17. Rc4 Qxa2 18. Bf4 Qa5+ 19. Bd2 Qd5 20. f3 Be6 21. 0-0 Qxd2 22. Re4 0-0-0 23. Bc4 Bxc4 24. Rxc4 Rhe8 25. Rg4 Re1 26. Rxg7 Rxf1+ 27. Kxf1 Qe3 28. g3 Qxf3+ 29. Ke1 Qe3+ 30. Kf1 Qf3+ 31. Ke1 Rd1# 0-1

[Event "SVK-ch U10"]
[Site "Liptovsky Mikulas"]
[Date "2019.04.27"]
[Round "6"]
[White "Fronko, Ondrej"]
[Black "Duda, Filip"]
[Result "1-0"]
[WhiteElo "1000"]
[BlackElo "1091"]
[PlyCount "99"]
[EventDate "2019.04.23"]
[EventType "swiss"]
[EventRounds "9"]
[EventCountry "SVK"]
[SourceTitle "CBM 190 Extra"]
[Source "ChessBase"]
[SourceDate "2019.07.15"]
[SourceVersion "1"]
[SourceVersionDate "2019.07.15"]
[SourceQuality "1"]

1. e4 e5 2. Nf3 Nc6 3. Bc4 Nf6 4. Nc3 Nxe4 5. Nxe4 d5 6. d3 dxc4 7. dxc4 Bg4 8. 0-0 Nd4 9. c3 Nxf3+ 10. gxf3 Bh3 11. Re1 Be7 12. Qxd8+ Rxd8 13. Be3 Rd3 14. Bxa7 Rxf3 15. Red1 0-0 16. Bc5 Bxc5 17. Nxc5 b6 18. Nd7 Rd8 19. Nxe5 Rxd1+ 20. Rxd1 h5 21. Nxf3 Bg4 22. Rd3 Bf5 23. Rd5 Be6 24. Rd8+ Kh7 25. Ng5+ Kh6 26. Nxe6 fxe6 27. Rc8 e5 28. Rxc7 Kg6 29. Rc6+ Kf5 30. Rxb6 g5 31. Kg2 h4 32. h3 g4 33. hxg4+ Kxg4 34. f3+ Kg5 35. c5 e4 36. fxe4 Kg4 37. Rh6 h3+ 38. Rxh3 Kf4 39. c6 Kxe4 40. c7 Kf4 41. c8Q Ke4 42. Qc4+ Kf5 43. Rh5+ Kg6 44. Qg4+ Kf7 45. Rf5+ Ke8 46. Qe4+ Kd8 47. Rd5+ Kc8 48. Qc4+ Kb8 49. Rb5+ Ka8 50. Qa4# 1-0

[Event "SVK-ch U10"]
[Site "Liptovsky Mikulas"]
[Date "2019.04.24"]
[Round "2"]
[White "Fronko, Ondrej"]
[Black "Ziman, Damian"]
[Result "0-1"]
[WhiteElo "1000"]
[BlackElo "1000"]
[PlyCount "64"]
[EventDate "2019.04.23"]
[EventType "swiss"]
[EventRounds "9"]
[EventCountry "SVK"]
[SourceTitle "CBM 190 Extra"]
[Source "ChessBase"]
[SourceDate "2019.07.15"]
[SourceVersion "1"]
[SourceVersionDate "2019.07.15"]
[SourceQuality "1"]

1. e4 e5 2. Nf3 Nc6 3. Bc4 Bc5 4. d3 d6 5. Bg5 f6 6. Bd2 Bg4 7. Nc3 Nd4 8. Be3 Nxf3+ 9. gxf3 Bh5 10. Rg1 g5 11. Qe2 Qd7 12. Nd5 c6 13. Bxc5 dxc5 14. Ne3 0-0-0 15. 0-0-0 Qh3 16. Rg2 Bxf3 17. Be6+ Qxe6 18. Qxf3 Qxa2 19. Kd2 Qxb2 20. Qf5+ Kb8 21. Nc4 Qb4+ 22. Ke3 Qc3 23. Qe6 Qxc2 24. Rd2 Qc3 25. Nd6 Qd4+ 26. Ke2 Rxd6 27. Qe8+ Rd8 28. Qe6 c4 29. dxc4 Qxd2+ 30. Kf3 Qf4+ 31. Ke2 Qxe4+ 32. Kf1 Rd1# 0-1